নৈতিক অবক্ষয় রোধে ইসলাম : (Record no. 78330)
[ view plain ]
| 000 -LEADER | |
|---|---|
| fixed length control field | 01579nam a2200265 a 4500 |
| 001 - CONTROL NUMBER | |
| control field | 78330 |
| 003 - CONTROL NUMBER IDENTIFIER | |
| rucl marc code | BD-RjUL |
| 005 - DATE AND TIME OF LATEST TRANSACTION | |
| control field | 20211209083122.0 |
| 008 - FIXED-LENGTH DATA ELEMENTS--GENERAL INFORMATION | |
| fixed length control field | 210909s2018 bg ||||| m||| 00| 0 ben d |
| 035 ## - SYSTEM CONTROL NUMBER | |
| System control number | (BD-RjUL)78556 |
| 040 ## - CATALOGING SOURCE | |
| Original cataloging agency | BD-RjUL |
| Language of cataloging | ben/eng |
| Modifying agency | BD-RjUL |
| 041 ## - LANGUAGE CODE | |
| Language code of text/sound track or separate title | ben |
| 082 ## - DEWEY DECIMAL CLASSIFICATION NUMBER | |
| Edition number | 23 |
| Classification number | 297.5095492 |
| Author mark and year | SAN 2018 |
| 100 ## - MAIN ENTRY--PERSONAL NAME | |
| Personal name | সা`আদাত, মো. নাজমুস |
| 9 (RLIN) | 247614 |
| 245 10 - TITLE STATEMENT | |
| Title | নৈতিক অবক্ষয় রোধে ইসলাম : |
| Remainder of title | প্রেক্ষিত বাংলাদেশ / |
| Statement of responsibility, etc. | মো. নাজমুস সা`আদাত ; |
| Linkage | সুপারভাইজার : মুহাম্মদ রফিকুল ইসলাম |
| 246 ## - VARYING FORM OF TITLE | |
| Title proper/short title | Islam in Preventing Demoralization: |
| Remainder of title | Bangladesh Perspective |
| 260 ## - PUBLICATION, DISTRIBUTION, ETC. (IMPRINT) | |
| Place of publication, distribution, etc. | রাজশাহী : |
| Name of publisher, distributor, etc. | ইসলামিক স্টাডিজ বিভাগ, রাজশাহী বিশ্ববিদ্যালয়, |
| Date of publication, distribution, etc. | ২০১৮ |
| 300 ## - PHYSICAL DESCRIPTION | |
| Pagination | [১৩], ৩০৩ পাতা ; |
| Size | ২৯ সেমি. |
| 502 ## - DISSERTATION NOTE | |
| Dissertation note | থিসিস (পিএইচ. ডি) -- ইসলামিক স্টাডিজ বিভাগ, রাজশাহী বিশ্ববিদ্যালয়, ২০১৮ |
| 504 ## - BIBLIOGRAPHY, ETC. NOTE | |
| Bibliography, etc | গ্রন্থপঞ্জী: পাতা ২৯৭ - ৩০৩ |
| 650 ## - SUBJECT ADDED ENTRY--TOPICAL TERM | |
| Topical term or geographic name as entry element | ইসলামী নৈতিকতা |
| Geographic subdivision | বাংলাদেশ |
| 9 (RLIN) | 247615 |
| Topical term or geographic name as entry element | Islamic Ethics |
| Geographic subdivision | Bangladesh |
| 9 (RLIN) | 247616 |
| 700 ## - ADDED ENTRY--PERSONAL NAME | |
| Personal name | ইসলাম , মুহাম্মদ রফিকুল, সুপারভাইজার |
| 942 ## - ADDED ENTRY ELEMENTS (KOHA) | |
| Source of classification or shelving scheme | Dewey Decimal Classification |
| Koha item type | Theses |
| Lost status | Source of classification or shelving scheme | Damaged status | Not for loan | Collection code | Permanent Location | Current Location | Shelving location | Date acquired | Source of acquisition | Total Checkouts | Full call number | Date last seen | Copy number | Koha item type |
|---|---|---|---|---|---|---|---|---|---|---|---|---|---|---|
| Dewey Decimal Classification | Not For Loan | Theses | Central Library, University of Rajshahi | Central Library, University of Rajshahi | Documentation Section | 17/12/2020 | Controller of Exam. R.U. | BTHE 297.505492 SAN 2018 | 09/09/2021 | C-1 | Theses |